Outsourcing information/ (Record no. 8424)

MARC details
000 -LEADER
fixed length control field 00597 a2200181 4500
010 ## - LCCN (DPL NO)
LC control number ENG-88451
020 ## - INTERNATIONAL STANDARD BOOK NUMBER
International Standard Book Number 8189652567
Terms of availability 695.00
035 ## - SYSTEM CONTROL NUMBER
System control number EN-71984
037 ## - SOURCE OF ACQUISITION
Source of stock number/acquisition DBAD / PUB
082 14 - DEWEY DECIMAL CLASSIFICATION NUMBER
Classification number 658.4038
100 ## - MAIN ENTRY--PERSONAL NAME
Personal name Saxena, Girish
245 1# - TITLE STATEMENT
Title Outsourcing information/
Statement of responsibility, etc by Girish Saxena
260 ## - PUBLICATION, DISTRIBUTION, ETC. (IMPRINT)
Place of publication, distribution, etc Delhi
Name of publisher, distributor, etc Vista International Publishing House
Date of publication, distribution, etc 2006
270 ## - ADDRESS
Address V-196, Near Shiv Sadhna Mandir, C-11, Yamuna Vihar,
State or province Delhi
Postal code 110 053
300 ## - PHYSICAL DESCRIPTION
Extent vii, 293p.
Dimensions 22cm (Hb)
500 ## - GENERAL NOTE
General note Includes bibliographical references and index
942 ## - ADDED ENTRY ELEMENTS (KOHA)
Institution code [OBSOLETE] dpl
Item type English Books
Source of classification or shelving scheme Dewey Decimal Classification
Classification part 658.4038
Call number suffix SAX
Holdings
Withdrawn status Lost status Not for loan Collection code Home library Current library Source of acquisition Cost, normal purchase price Full call number Barcode Copy number Cost, replacement price Koha item type
    Not For Loan Non-fiction D.B.Act.Division D.B.Act.Division DBAD/PUB 695.00 658.4038 SAX EN-71984 1 695.00 English Books

© Delhi Public Library
Hit Counter
free hit counter